Normal view
MARC view
- Allan, A. L
Entry Personal Name
001 - CONTROL NUMBER
- control field: 39634
003 - CONTROL NUMBER IDENTIFIER
- control field: NUST
005 - DATE AND TIME OF LATEST TRANSACTION
- control field: 20210314131511.0
008 - FIXED-LENGTH DATA ELEMENTS
- fixed length control field: 210314|| aca||aabn | a|a d
040 ## - CATALOGING SOURCE
- Original cataloging agency: NUST
- Transcribing agency: NUST
100 ## - HEADING--PERSONAL NAME
- Personal name: Allan, A. L
670 ## - SOURCE DATA FOUND
- Source citation: Work cat.: (NUST): Allan, A. L., Practical surveying and computations /, 1997.
